| 000 | 01387cam a22002054a 4500 | ||
|---|---|---|---|
| 005 | 20250605163930.0 | ||
| 008 | 250528s ||||||||||||||||||||||||d | ||
| 035 | _a14648 | ||
| 020 | _a415145236 | ||
| 040 |
_aGR-AtMCL _bgre _dGR-AtMCL _eAACR2 |
||
| 245 | 1 | _aCounselling Psychology / Intergrating Theory, Research and Supervised Practise | |
| 250 | _a1st | ||
| 260 |
_bRouledge, _c1998 |
||
| 300 | _a340 | ||
| 520 | _aThe aim of the book is to bridge the divide between academic psychology and counselling practice and to encourage professional to bring ethically aware and culturally sensitive research into the consulting room. Preface, Acknowledgements, Counselling Psychology: The Next Decade, Counselling Psychology Practice as Integrating Research and Theory, Qualitative Research in Counselling Psychology: Using the Counselling Interview as a Research Instrument, Psychological Counselling in Primary Health Care: A Review, Therapeutic Factors in Group Psychotherapy, Transformational Research, Counselling Psychology Research and Practice: Some Professional Dimensions, Investigating the Learning Experiences of Counsellors in Training: A Research Question, Learning Through Inquiry, Writing as Research in Counselling Psychology and Related Disciplines, Name and Subject Index. | ||
| 700 | 1 |
_aClarkson Petruska _9381 |
|
| 942 | _cBK | ||
| 999 |
_c272 _d272 |
||